000 02884cam a22006494i 4500
003 PE-LiUPU
005 20250731165508.0
008 171025s2006 sp a rb 001 0 spa d
020 _a9789682476594
035 _a(Sirsi) a239879
040 _aPE-LiUPU
_bspa
_cPE-LiUPU
_erda
049 _aPRUA
082 0 4 _a001.434
_bR68
_220
100 1 _aRiveros Rotgé, Héctor Gerardo,
_eautor.
245 1 3 _aEl método científico aplicado a las ciencias experimentales /
_cHéctor G. Riveros, Lucía Rosas.
250 _aTercera edición.
264 1 _aMéxico :
_bTrillas,
_c2006.
300 _a164 páginas :
_bilustraciones ;
_c23 centímetros.
336 _atext
_2rdacontent
337 _aunmediated
_2rdamedia
338 _avolume
_2rdacarrier
504 _aBibliografía : páginas 159-160.
504 _aÍndices: páginas 161-164.
505 0 _aCiencia y medida -- Método científico -- Método científico experimental -- Medidas y su interpretación -- Aplicaciones.
526 _aSEG44
526 _aSEG26
526 _aP151
526 _aP150
526 _aP149
526 _aP146
526 _aP145
526 _aP126
526 _aP125
526 _aP92
526 _aP75
526 _aP74
526 _aP27
526 _aP15
526 8 _iPrograma Académico :
_5PE-LiUPU.
541 _g0001-42196;
541 _g002-00000295;
650 1 4 _aCiencia
_xMetodología.
650 2 4 _aDiseño experimental.
650 2 4 _aCiencia
_xExperimentos.
700 1 _aRosas, Lucía,
_eautor.
910 _adbm
_bksl
_cksl
_d20171025
910 _armch
_btqv
_cwelc
_d20180823
942 _2ddc
_cBOOK
949 _a001.434 R68
_wDEWEY
_c1
_iFJ11493
_lCCODEBUJ1
_mBUJ
_p17.88
_r0
_sY
_tBOOK
_u2018-08-23
_xINGENIERIA
_PP25
_0COMPRA
_o.STAFF. Colección General Juliaca
949 _a001.434 R68
_wDEWEY
_c2
_iFJ11539
_lCCODEBUJ1
_mBUJ
_p17.88
_r0
_sY
_tBOOK
_u2018-08-23
_xINGENIERIA
_PP25
_0COMPRA
_o.STAFF. Colección General Juliaca
994 _aC0
_bPEPRU
596 _a1 3
999 _a001.434 R68
_wLC
_c25545
_i76881
_d25545
_f2021-11-4
_g4
_lCCODEBUL1
_mBUL
_p18.24
_q4
_r0
_sY
_tBOOK
_u2017-10-25
_xBIBLIOTECA
_PP31
_0COMPRA
999 _a001.434 R68
_wLC
_c2
_i76882
_d2018-8-9
_e2018-8-2
_f2021-11-4
_g4
_lCCODEBUL1
_mBUL
_n2
_p18.24
_q2
_r0
_sY
_tBOOK
_u2017-10-25
_xBIBLIOTECA
_PP31
_0COMPRA
999 _a001.434 R68 2006
_wDEWEY
_c1
_iFJ11493
_d2018-8-27
_f2021-12-27
_g3
_lCCODEBUJ1
_mBUJ
_p17.88
_q1
_r0
_sY
_tBOOK
_u2018-8-23
_xINGENIERIA
_PP25
_0COMPRA
_1FCOMPRA
_o.STAFF. Colección General Juliaca
999 _a001.434 R68 2006
_wDEWEY
_c2
_iFJ11539
_d2019-11-25
_e2019-11-20
_f2021-12-27
_g4
_lCCODEBUJ1
_mBUJ
_n1
_p17.80
_q2
_r0
_sY
_tBOOK
_u2018-8-23
_xINGENIERIA
_PP25
_0COMPRA
_1FCOMPRA
_o.STAFF. Colección General Juliaca
980 _81
_gALBERTO SANCHEZ Responsable de Automatización